000
00329nam a2200145Ia 4500
008
230312s9999||||xx |||||||||||||| ||und||
020
_a
88-63-02003-8
082
_a
779
_b
DUC-E
100
_a
Duca;Daniele
245
0
_a
Estensione
260
_b
Daniele
_a
New york
_c
2008
300
_a
112
650
_a
Architecture
942
_c
BK
999
_c
12073
_d
12073